000 01041cam a22003497a 4500
003 CHAP
005 20220817043534.0
008 990526d1997 it rn 00110 eng d
010 _a77969
011 _a78941
020 _a9251038821
035 _a89050
040 _cCHAP
090 _aFolleto 15361
110 2 _aFAO
245 1 0 _aWhite maize :
_ba traditional food grain in developing countries
_c/by FAO
260 _aRome :
_bFAO,
_c1997.
300 _a22 p. :
_bcuadros
410 2 _aFAO
590 _aBATCH-UPD
_b10
_c20130110
_lUCH01
_h1340
590 _aBATCH-UPD
_b10
_c20130410
_lUCH01
_h0841
590 _aBATCH-UPD
_b10
_c20130914
_lUCH01
_h1345
590 _aCONVERSION
_b10
_c20130109
_lUCH01
_h1343
650 1 4 _aMaíz como alimento.
_971108
650 1 4 _aMaíz
_xVariedades.
_971081
810 0 _aFAO
901 _aBK
905 _aLilia Sánchez G.
942 _cFOLL
949 _aFolleto 15361
_bBC
_cFAO
_d890501
_eFAO1
_i89050
_kDonaciØn
_sb
949 _aFolleto15361
_bBC
_cFAO
_d890502
_eFAO2
_fc.2
_i89050
_kDonaciØn
_sb
999 _c77969
_d77969